| 000 | 00558nam a2200181 i 4500 | ||
|---|---|---|---|
| 001 | 46542 | ||
| 003 | ES-MaACL | ||
| 005 | 20230906161413.0 | ||
| 007 | t| | ||
| 008 | 030408s1883 xxk ||||1| eng d | ||
| 100 | 1 |
_aBarrois, Charles. _926037 |
|
| 245 | 1 | 0 | _aBarrois' geology of the older rocks of the Asturias and Galicia. |
| 260 |
_a[S.l. : _bs.n., _c1883] |
||
| 500 | _aExtracted fron the Geological Magazine. | ||
| 650 | 4 |
_aGeología- _zAsturias (Comunidad Autónoma) _9167033 |
|
| 650 | 4 |
_aGeología- _zGalicia. _9150369 |
|
| 852 |
_aES-MaACL _jT-1162-F-2 |
||
| 999 |
_c46542 _d46542 |
||